00634 2200229 4500001002100000005001700021008004100038035002400079082001000103090001700113100002100130245004900151250001500200260005100215300003100266500002700297650003100324850001500355980001300370985000600383999001500389YOGYA-0209000003307020090227024737.0 ind  0010-020900000033070 a651.3 a651.3bJiw K aJIWANTO, Gunawan aKomunikasi dalam organisasicGunawan Jiwanto aEd.1,cet.1 aYogyakartabPusat Pengembangan Manajemenc1985 aviii, 113 hlmbilusc21 cm aBibliografi : hlm. 113 aKomunikasi dalam manajemen aYOPDYOG(B) a11-05-07 a1 aP000028825